Statistiques concernant Noms dans les titres de livres - Littérature anglaise

Cliquez ici pour prendre le quiz!

Statistiques générales

  • Ce quiz a été pris 1 077 fois
  • Le résultat moyen est 10 sur 15

Statistiques - réponses

AuteursTitre% Correct
Lewis CarrollLes Aventures d'{Alice} au pays des merveilles
99%
Roal Dahl{Charlie} et la chocolaterie
97%
J.K. Rowling{Harry} {Potter} à l'école des sorciers
97%
Oscar WildeLe Portrait de {Dorian} {Gray}
86%
William Shakespeare{Roméo} et {Juliette}
84%
J.R.R. Tolkien{Bilbo} le Hobbit
71%
Arthur Conan DoyleLe chien des {Baskerville}
68%
Jonathan SwiftLes Voyages de {Gulliver}
67%
Charles DickensLes Aventures d'{Oliver} {Twist}
63%
Mary Shelley{Frankenstein} ou le Prométhée moderne
60%
Robert Louis StevensonL’Étrange Cas du Dr {Jekyll} et de Mr {Hyde}
57%
Daniel Defoe{Robinson} {Crusoé}
48%
Agatha ChristieLe Meurtre de {Roger} {Ackroyd}
28%
C.S. LewisLe Prince {Caspian}
24%
James Matthew Barrie{Peter} {Pan}
18%

Distribution des résultats

Percentile par nombre de réponses

% des personnes avec chaque résultat

Votre développement - résultats

Vous n’avez pas pris ce quiz